Statistics for Most Hindu Countries Quiz

Click here to take the quiz!

General Stats

  • This quiz has been taken 45 times
  • The average score is 12 of 16

Answer Stats

Answer % Correct
India
100%
Bangladesh
98%
Nepal
95%
United States
91%
Malaysia
91%
Pakistan
91%
United Kingdom
88%
Indonesia
88%
Sri Lanka
88%
Bhutan
81%
Fiji
58%
Mauritius
53%
Suriname
49%
Qatar
44%
Guyana
42%
Trinidad and Tobago
37%

Score Distribution

Percentile by Number Answered

Percent of People with Each Score

Your Score History

You have not taken this quiz